000 00457nam a2200145Ia 4500
041 _aKurdish
082 _a915,95667 cut-445 ك
100 _a20260118u\\\\\\\\\\\y0engy0103\\\\ba
100 _aعلي اكبر كردستاني
245 0 _aاالحديقة الناصرية في تاريخ وجغرافيا كردستان
250 _aچ1
260 _bدار ئاراس للطباعة والنشر
_aاربيل
_c2002
300 _a232
942 _cBk
999 _c189418
_d189418